Carl Maager

Hlavní autor: Dauthage, Adolf, 1825-1883
Další autoři: Stoufs, Josef
Jazyk: Němčina
Vydáno: Wien : Verlag v. Jos. Bermann, 1860
Témata:
Externí odkaz: Digitalizovaný dokument (klikněte pro zobrazení)
Fyzický popis: 1 list : litografie ; 55,2 x 37,4 cm
Grafika
Uloženo v:
LEADER 01240nkm a2200325 a 4500
001 mzk03001025720
003 CZ BrMZK
005 20050905132021.0
007 kj bo|
008 050627s1860 au ||| fr||||||0| k|gerod
040 |a BOA001  |b cze 
072 7 |a 76  |x Grafické umění. Grafika  |2 Konspekt  |9 21 
080 |a (0.026.6)76  |2 MRF 
080 |a (0:82-94)  |2 MRF 
100 1 |a Dauthage, Adolf,  |d 1825-1883  |7 mzk2005295124  |4 aut 
245 1 0 |a Carl Maager  |h [grafika] 
260 |a Wien :  |b Verlag v. Jos. Bermann,  |c 1860 
300 |a 1 list :  |b litografie ;  |c 55,2 x 37,4 cm 
510 4 |a Schram, W. Die Porträt-Lithographien der mähr. Landes-Bibliothek,  |c 122 
600 1 7 |a Maager, Karl,  |d 1813-ca 1860  |7 mzk2005299207  |2 czenas 
655 7 |a portréty  |7 fd133099  |2 czenas 
655 7 |a grafické listy  |7 fd132404  |2 czenas 
650 0 4 |a Schramova sbírka portrétů 
610 2 7 |a Moravská zemská knihovna (Brno, Česko).  |b Schramova sbírka portrétů  |7 mzk2005304485  |2 czenas 
700 1 |a Stoufs, Josef  |4 egr 
856 4 1 |u http://www.digitalniknihovna.cz/mzk/view/uuid:00e4431a-dfdd-427b-99ca-93b7aae04505  |y Digitalizovaný dokument (klikněte pro zobrazení) 
910 |a BOA001  |b Skř.2K-0090.934 
985 |a 1851-1900 
990 |a GP 
991 |k mzk